01147nam a2200229 a 450000100100000000500170001000800410002702000150006804000250008308200160010810000370012424000530016124501080021426000430032230000210036550503150038670000430070170000330074404900090077795201140078699900170090000002229520200930011654.0100922s2003 dr 001 0 spa d a847432971X aDO-SdBNPbspacBNPHU axxxxbT128n1 aTaguieff, Pierre Andrés94605410aLa nouvelle judéophobieltítulo en francés13aLa nueva judeofobia /cPierre Andrés Taguieff ; traductor Tomás Fernández Aúz, Beatriz Eguibar. aBarcelona, :bEditorial Gedisa,c2003. a254 p. ;c23 cm.2 aPrólogo -- Recorridos en el paisaje: los actores de la judeofobia contemporánea -- Israelofobia y palestinofobia; los senderos del odio -- El nuevo antisemitismo : construcción, contenido, funcionamiento y matamorfosis. Hacia la islencios sobre la nuea judeofobia : ¿ceguera, complacencia o connivencia?1 aFernández Aúz, Tomásetr.9113581 aEguibar, Beatrizetr.911359 aBNPD 0010718PDaPDbPDcCTd2010-09-22iLF1l0oxxxx T128np22295-10r2020-06-25w2020-06-25yLFPDZNo se presta c21793d21793